01003nam a22002537a 450000100060000000300080000600500170001400800410003103500190007204000350009104100080012608200260013410000270016024500850018726000780027230000360035050200840038650400360047065000270050670000400053394200130057399900170058695201460060380111BD-RjUL20220724154042.0220724s1981 bg ||||| m||| 00| 0 eng d a(BD-RjUL)80111 aBD-RjULbengcBD-RjULdBD-RjUL aeng 223a170.924bHAS 1981 aHamid, Md. Abdul9409710aA Study of Moore's Ethics /cBy Md. Abdul Hamid ;6Supervisor : Dharmendra, Goel aRajshahi :bDepartment Of Philosophy, Panjab University Chandigarh,c1981 av, 266 leaves ;bill, :c29.cm. aThesis (Ph. D.) -- Department Of Philosophy, Panjab University Chandigarh, 1981 aBibliography : Leaves 250 - 266 aEthics vMoore's94098 aGoel, Dharmendra, Supervisor 94099 2ddccTHE c80111d80111 102ddc40718THESESaRUCLbRUCLcDoc/Thed1990-04-04eController of Exam. R.Ul0oTHE 170.924 HAS 1981pD1360r2022-07-24 00:00:00tC-1yTHE